Hacia una estrategia tecnológica para la reactivación de la agricultura de América Latina y el Caribe /

Furkejuvvon:
Bibliográfalaš dieđut
Váldodahkki: Trigo, Eduardo J.
Eará dahkkit: Runsten, David
Materiálatiipa: Texto
Fáddágilkorat: Lasit fáddágilkoriid
Eai fáddágilkorat, Lasit vuosttaš fáddágilkora!

MARC

LEADER 00000 a a2200000 04500
001 47802
003
040
100 |a Trigo, Eduardo J.  
245 |a Hacia una estrategia tecnológica para la reactivación de la agricultura de América Latina y el Caribe /  |c Eduardo J. Trigo, David Runsten  
700 |a Runsten, David  
773 |g número13, (1989), 90 páginas : tablas  
999 |c 36488  |d 36488